000 00711nam a22002057a 4500
005 20251108173303.0
008 250721s2003 xx 000 0 ara d
020 _a9960_878_99_6
082 1 4 _a218.51/قحط
100 1 _aالقحطاني، محمد بن صالح بن محمد
245 1 0 _aقصص من الواقع : مجموعة من القصص الواقعية المؤثرة /
264 1 _aالرياض :
_bدار طويق للنشر والتوزيع،
_c2003.
300 _aج 1، 2
490 0 _aسلسلة(فاعتبروا يا أولي الأبصار)
650 1 7 _aالوعظ والإرشاد
650 1 7 _aالقصص
650 1 7 _aالإيمان
942 _2ddc
_cBK
999 _c100420
_d100420